| 000 | 00432nam a22001337a 4500 | ||
|---|---|---|---|
| 020 | _a9788177229974 | ||
| 082 | _a006.7 WEB | ||
| 100 |
_aDreamtech _969577 |
||
| 245 | _aWeb technologies; html,javascript, php, java, jsp, asp.net, xml and ajax, black book | ||
| 260 |
_aIndia _bDreamtech _c2018 |
||
| 300 | _axxviii,1354 P | ||
| 650 |
_aWeb Technologies; HTML, JavaScript, PHP, Java, JSP, ASP.NET, XML and AJAX _969578 |
||
| 942 | _cBK | ||
| 999 |
_c576802 _d576802 |
||